|
|
|
|
| LEADER |
00000nam0a2200000 4500 |
| 001 |
63715 |
| 005 |
20240220115954.0 |
| 035 |
|
|
|a (RuTPU)RU\TPU\book\67614
|
| 090 |
|
|
|a 63715
|
| 100 |
|
|
|a 20040519d2004 m y0rusy50 ca
|
| 101 |
0 |
|
|a rus
|
| 102 |
|
|
|a RU
|
| 105 |
|
|
|a a j 001zy
|
| 200 |
1 |
|
|a Функциональное и логическое программирование
|e учебное пособие
|f И. Г. Озерова, Е. А. Кочегурова
|g Томский политехнический университет; Институт дистанционного образования
|
| 210 |
|
|
|a Томск
|c Изд-во ТПУ
|d 2004
|
| 215 |
|
|
|a 120 с.
|c ил.
|
| 320 |
|
|
|a Библиогр.: с. 117.
|
| 320 |
|
|
|a Предметный указатель: с. 118-119.
|
| 330 |
|
|
|a В пособии в краткой форме изложены теоретические вопросы функционального и логического программирования. Приводится краткое описание языка функционального программирования LISP и языка логического программирования Prolog. Пособие снабжено упражнениями и лабораторным практикумом. Учебное пособие подготовлено на кафедре автоматики и компьютерных систем, соответствует программе дисциплины и предназначено для студентов специальности 230105 «Программное обеспечение вычислительной техники и автоматизированных систем» Института дистанционного образования в качестве основного методического материала по курсу «Функциональное и логическое программирование».
|
| 451 |
|
1 |
|0 (RuTPU)RU\TPU\book\161331
|t Функциональное и логическое программирование
|o учебное пособие
|f И. Г. Озерова, Е. А. Кочегурова
|g Томский политехнический университет; Институт дистанционного образования
|c Томск
|n Изд-во ТПУ
|d 2005
|p 120 с.
|a Озерова, Ирина Геннадьевна
|
| 610 |
1 |
|
|a функциональное программирование
|
| 610 |
1 |
|
|a логическое программирование
|
| 610 |
1 |
|
|a языки программирования
|
| 610 |
1 |
|
|a LISP
|
| 610 |
1 |
|
|a PROLOG
|
| 610 |
1 |
|
|a упражнения
|
| 610 |
1 |
|
|a лабораторные практикумы
|
| 610 |
1 |
|
|a теория
|
| 610 |
1 |
|
|a учебные пособия
|
| 675 |
|
|
|a 681.3.06(075.8)
|v 3
|
| 700 |
|
1 |
|a Озерова
|b И. Г.
|c доцент
|c кафедра автоматики и компьютерных систем Томского политехнического университета
|g Ирина Геннадьевна
|3 (RuTPU)RU\TPU\pers\25330
|9 11312
|
| 701 |
|
1 |
|a Кочегурова
|b Е. А.
|c специалист в области информатики и вычислительной техники
|c доцент Томского политехнического университета, кандидат технических наук
|f 1958-
|g Елена Алексеевна
|3 (RuTPU)RU\TPU\pers\27090
|9 12640
|
| 712 |
0 |
2 |
|a Томский политехнический университет (ТПУ)
|b Институт дистанционного образования (ИДО)
|3 (RuTPU)RU\TPU\col\12625
|
| 801 |
|
1 |
|a RU
|b 63413507
|c 20040519
|g PSBO
|
| 801 |
|
2 |
|a RU
|b 63413507
|c 20210513
|g PSBO
|
| 942 |
|
|
|c BK
|